000 00465nam a22001817a 4500
003 MPLRDC
005 20220104143346.0
008 210129b ||||| |||| 00| 0 eng d
020 _a962-447-503-X
082 _a848.3 LFY v.31 c.3
100 _a梁凤仪著
245 _a归航之西风逐晚霞
_c
260 _a
_b勤加缘出版社
_c1996
300 _b
490 _a梁凤仪小说系列;31
650 _a现代别集
942 _cBK
_o848.3 LFY v.31 c.3
999 _c39131
_d39121